Zur Problematik der Verträge von Maastricht.

Problém interpretácie Európy a európanstva v Nemecku. Kritické stanoviská ku maastrichtskej zmluve. Tlak na schválenie maastrichtských zmlúv zo strany vlád ES. Vystúpenie 60 známych vedcov proti záverom Maastrichtu v oblasti menovej politiky. Námietky proti tvrdeniam o výhodách maastrichtskej zmluvy...

Descripción completa

Guardado en:
Detalles Bibliográficos
Autor principal: Übelacker, H.R
Formato: Capítulo de libro
Lenguaje:alemán
Materias:
Etiquetas: Agregar Etiqueta
Sin Etiquetas, Sea el primero en etiquetar este registro!

MARC

LEADER 00000naa a2200000 4500
001 r013450
005 20221213085406.9
041 0 |a ger 
044 |a DE 
245 1 0 |a Zur Problematik der Verträge von Maastricht.  |c H.R. Übelacker 
520 |a Problém interpretácie Európy a európanstva v Nemecku. Kritické stanoviská ku maastrichtskej zmluve. Tlak na schválenie maastrichtských zmlúv zo strany vlád ES. Vystúpenie 60 známych vedcov proti záverom Maastrichtu v oblasti menovej politiky. Námietky proti tvrdeniam o výhodách maastrichtskej zmluvy v oblasti transakčných nákladov, zamestnanosti, štátneho práva a i. Problém kompetencií a odovzdávania suverenity. 
610 2 0 |a Maastrichtská zmluva 
610 2 0 |a Európske spoločenstvá 
610 2 0 |a Európa 
610 2 0 |a Nemecko 
610 2 0 |a politika menová 
610 2 0 |a zmluvy o spolupráci 
610 2 0 |a náklady 
610 2 0 |a zamestnanosť 
610 2 0 |a právo ústavné 
100 1 |a Übelacker, H.R.